000 00599cab a2200193 4500
001 WB2541-16
008 090401t1989 xxu||||| |||| 00| 0 eng d
035 _a(Sirsi) u66719
041 _aeng
245 _aWind power scheme takes off
260 _c1989
350 _a0
490 _aPlanning (for the Natural and Built Environment)
_vno 840, 13/10/89 p4
520 _aFarmers are responding enthusiastically to advertisements for farm sites on which to build wind parks.
650 _aWIND POWER
690 _aENVIRONMENTAL AND LAND CONSULTANCY-ENERGY
942 _n0
948 _c04/03/1997
999 _c41681
_d41681